[Event "2.BLO 0607 Erfurter SK - Leipzig Gohlis"]
[Site "?"]
[Date "2006.11.19"]
[Round "3.6"]
[White "Casper, Thomas"]
[Black "Quast, Michael"]
[Result "1/2-1/2"]
[WhiteElo "2416"]
[BlackElo "2285"]
[PlyCount "48"]
[EventDate "2006.??.??"]

1. e4 e5 2. Bc4 Nf6 3. d3 c6 4. Bb3 a5 5. a3 a4 6. Ba2 d5 7. Nf3 Bd6 8. Nc3 Be6
9. O-O Nbd7 10. Re1 Qe7 11. exd5 Nxd5 12. Ne4 O-O 13. Nxd6 Qxd6 14. Ng5 Nc7 15.
Nxe6 Nxe6 16. Be3 Nf6 17. Bxe6 Qxe6 18. Bd4 Nd7 19. Bxe5 Nxe5 20. d4 f6 21.
dxe5 fxe5 22. Qe2 Rae8 23. Qe3 Qc4 24. Re2 Qd4 1/2-1/2

[Event "2.BLO 0607 Erfurter SK - Leipzig Gohlis"]
[Site "?"]
[Date "2006.11.19"]
[Round "3.7"]
[White "Hoffmann, Hendrik"]
[Black "Mueller, Matthias"]
[Result "1/2-1/2"]
[WhiteElo "2329"]
[BlackElo "2401"]
[PlyCount "39"]
[EventDate "2006.??.??"]

1. e4 e5 2. Nf3 Nc6 3. Nc3 Nf6 4. d4 exd4 5. Nxd4 Bb4 6. Nxc6 bxc6 7. Bd3 d5 8.
exd5 cxd5 9. O-O O-O 10. Bg5 c6 11. Qf3 Be7 12. Rae1 Re8 13. h3 h6 14. Bh4 Rb8
15. b3 Rb4 16. Bg3 Be6 17. Re2 Bd6 18. Rfe1 Bxg3 19. fxg3 Rb8 20. Bf5 1/2-1/2

[Event "2.BLO 0607 Erfurter SK - Leipzig Gohlis"]
[Site "?"]
[Date "2006.11.19"]
[Round "3.8"]
[White "Troyke, Christian"]
[Black "Rausch, Stephan"]
[Result "1-0"]
[WhiteElo "2390"]
[BlackElo "2338"]
[PlyCount "77"]
[EventDate "2006.??.??"]

1. c4 Nf6 2. g3 c6 3. Bg2 d5 4. Nf3 e6 5. b3 Nbd7 6. Bb2 Be7 7. O-O O-O 8. d4
b5 9. c5 a5 10. Nbd2 b4 11. Qc2 Ne8 12. e4 f5 13. exd5 exd5 14. a3 Rb8 15. axb4
axb4 16. Rfe1 g6 17. Nf1 Bf6 18. Bc1 Nc7 19. Bf4 Rb7 20. Qd2 Nb5 21. Ra8 Nc3
22. Re6 Ne4 23. Qc1 Rc7 24. h4 Kf7 25. Rxf6+ Ndxf6 26. Bxc7 Qxc7 27. Ne5+ Kg8
28. Qe3 Re8 29. Bxe4 fxe4 30. Qg5 Kg7 31. Ra4 Nd7 32. Ng4 Qd8 33. Qxd8 Rxd8 34.
Nge3 Nb8 35. Rxb4 Ba6 36. Rb6 Bb5 37. Rb7+ Kg8 38. Ng4 Nd7 39. Rxd7 1-0

[Event "2.BLO 0607 Lok Leipzig Mit - USV TU Dre"]
[Site "?"]
[Date "2006.11.19"]
[Round "3.1"]
[White "Uhlmann, Wolfgang"]
[Black "Wernert, Wilfrid"]
[Result "0-1"]
[WhiteElo "2422"]
[BlackElo "2353"]
[PlyCount "122"]
[EventDate "2006.??.??"]

1. c4 e6 2. Nc3 d5 3. d4 Bb4 4. cxd5 exd5 5. Nf3 Nf6 6. Bg5 h6 7. Bxf6 Qxf6 8.
Qb3 Qd6 9. a3 Ba5 10. Qb5+ Nc6 11. b4 Bb6 12. e3 Be6 13. Be2 O-O 14. Na4 Nxd4
15. Nxd4 Bd7 16. Qd3 Bxa4 17. O-O Bd7 18. Rfd1 c6 19. Bf3 Rfe8 20. g3 Rad8 21.
Qb3 Qf6 22. Bg2 Bg4 23. Rd2 Bf5 24. Rad1 Bg6 25. h3 Be4 26. Ne2 Bxg2 27. Kxg2
Re4 28. b5 d4 29. exd4 Qe7 30. Qf3 cxb5 31. d5 Re5 32. d6 Qd7 33. Nc3 Ba5 34.
Rd3 Qc6 35. Nd5 Qxd6 36. Nf6+ Qxf6 37. Qxf6 gxf6 38. Rxd8+ Bxd8 39. Rxd8+ Kg7
40. Rd7 Re6 41. Rxb7 a6 42. a4 bxa4 43. Rb4 a5 44. Rxa4 Ra6 45. Kf3 f5 46. Ke3
Kf6 47. Kd4 f4 48. Kc5 fxg3 49. fxg3 h5 50. Kb5 Re6 51. Rf4+ Kg6 52. h4 Rf6 53.
Rc4 Rf3 54. g4 hxg4 55. Rxg4+ Kh5 56. Ra4 f5 57. Kc5 f4 58. Rxa5 Kxh4 59. Kd4
Re3 60. Ra8 Kg3 61. Rg8+ Kf2 0-1

[Event "2.BLO 0607 Lok Leipzig Mit - USV TU Dre"]
[Site "?"]
[Date "2006.11.19"]
[Round "3.2"]
[White "Spiess, Gunter"]
[Black "Wegener, Dirk"]
[Result "1-0"]
[WhiteElo "2403"]
[BlackElo "2352"]
[PlyCount "101"]
[EventDate "2006.??.??"]

1. d4 Nf6 2. Nf3 g6 3. c4 Bg7 4. Nc3 O-O 5. e4 d6 6. Be2 e5 7. Be3 Ng4 8. Bg5
f6 9. Bc1 Nc6 10. d5 Ne7 11. h3 Nh6 12. h4 Nf7 13. h5 f5 14. hxg6 hxg6 15. Ng5
f4 16. Nxf7 Kxf7 17. g3 Rh8 18. Rg1 fxg3 19. Rxg3 Ng8 20. Qd3 Bd7 21. Qf3+ Bf6
22. Be3 Kg7 23. O-O-O Ne7 24. Qg2 Qg8 25. Rg1 Qh7 26. Bg4 Bxg4 27. Rxg4 a6 28.
Qf3 Qh3 29. Qd1 b6 30. Qa4 Rh4 31. Rxh4 Bxh4 32. Qd1 Rh8 33. Rh1 Qd7 34. Qf3
Ng8 35. Kc2 Bf6 36. Rxh8 Kxh8 37. b4 Kg7 38. Kb3 Ne7 39. Qh1 Qg4 40. c5 bxc5
41. bxc5 dxc5 42. Bxc5 Qc8 43. Qf1 Qb7+ 44. Kc2 Nc8 45. Qh3 Nb6 46. Qe6 Nc4 47.
Qd7+ Kh6 48. Bf8+ Kg5 49. Qh3 Bd8 50. Bh6+ Kf6 51. Qe6# 1-0

[Event "2.BLO 0607 Lok Leipzig Mit - USV TU Dre"]
[Site "?"]
[Date "2006.11.19"]
[Round "3.3"]
[White "Seifert, Volker"]
[Black "Schubert, Thomas"]
[Result "1/2-1/2"]
[WhiteElo "2330"]
[BlackElo "2366"]
[PlyCount "70"]
[EventDate "2006.??.??"]

1. d4 d5 2. c4 c6 3. Nc3 Nf6 4. e3 g6 5. Nf3 Bg7 6. Be2 O-O 7. O-O a6 8. cxd5
cxd5 9. Ne5 e6 10. Bd2 Nfd7 11. f4 Nxe5 12. fxe5 Nc6 13. Be1 f5 14. exf6 Bxf6
15. Bg3 Bd7 16. Bf4 Bg5 {(=)} 17. Bxg5 Qxg5 18. Qd3 Rxf1+ 19. Rxf1 Rf8 20.
Rxf8+ Kxf8 21. Bf1 Kg7 22. a3 Ne7 23. e4 Bc6 24. exd5 exd5 25. Qe2 Nf5 26. Qe5+
Qf6 27. Qxf6+ Kxf6 28. Ne2 g5 29. Kf2 Bb5 30. Nc3 Bxf1 31. Kxf1 Nxd4 32. Nxd5+
Ke5 33. Nc3 Nf5 34. Ke2 h5 35. Nd1 Nd4+ 1/2-1/2

[Event "2.BLO 0607 Lok Leipzig Mit - USV TU Dre"]
[Site "?"]
[Date "2006.11.19"]
[Round "3.4"]
[White "Boehnisch, Manfred"]
[Black "Hoffmann, Paul"]
[Result "1/2-1/2"]
[WhiteElo "2378"]
[BlackElo "2288"]
[PlyCount "85"]
[EventDate "2006.??.??"]

1. e4 d5 2. exd5 Qxd5 3. Nc3 Qa5 4. d4 Nf6 5. Nf3 Bg4 6. h3 Bh5 7. g4 Bg6 8.
Ne5 c6 9. Nxg6 hxg6 10. Bg2 e6 11. O-O Bd6 12. Re1 Kf8 13. Qf3 Kg8 14. Bd2 Qb6
15. Qd3 Na6 16. a3 Rd8 17. b4 Bb8 18. Ne2 e5 19. c3 exd4 20. cxd4 Nd5 21. Bg5
Re8 22. Nc3 Rxe1+ 23. Rxe1 Nxc3 24. Qxc3 Bd6 25. Qc4 Qc7 26. d5 c5 27. b5 Nb8
28. Qe4 Kh7 29. a4 Rf8 30. Re3 f6 31. Bh4 Nd7 32. Bg3 Ne5 33. f4 f5 34. Qc2 Nd7
35. gxf5 gxf5 36. Rf3 g6 37. Qe2 Nf6 38. Re3 Rf7 39. Qc4 Nh5 40. Bh2 Nxf4 41.
Bxf4 Bxf4 42. Re6 Rd7 43. a5 {(=)} 1/2-1/2

[Event "2.BLO 0607 Lok Leipzig Mit - USV TU Dre"]
[Site "?"]
[Date "2006.11.19"]
[Round "3.5"]
[White "Eichner, Sebastian"]
[Black "Stettler, Michael"]
[Result "1/2-1/2"]
[WhiteElo "2269"]
[BlackElo "2276"]
[PlyCount "22"]
[EventDate "2006.??.??"]

1. c4 e6 2. Nf3 d5 3. d4 Nf6 4. g3 dxc4 5. Bg2 Nc6 6. O-O Rb8 7. a4 a6 8. Nc3
Bb4 9. Bg5 h6 10. Bxf6 Qxf6 11. Rc1 O-O {(=)} 1/2-1/2

[Event "2.BLO 0607 Lok Leipzig Mit - USV TU Dre"]
[Site "?"]
[Date "2006.11.19"]
[Round "3.6"]
[White "Schultz, Andreas"]
[Black "Goldberg, Alexander Dr"]
[Result "1-0"]
[WhiteElo "2260"]
[BlackElo "2380"]
[PlyCount "57"]
[EventDate "2006.??.??"]

1. d4 Nf6 2. c4 e6 3. Nc3 Bb4 4. e3 O-O 5. Nge2 d5 6. a3 Be7 7. cxd5 exd5 8. g3
Bf5 9. Bg2 c6 10. O-O Nbd7 11. f3 Nb6 12. g4 Bg6 13. Nf4 Bd6 14. Nxg6 hxg6 15.
e4 dxe4 16. fxe4 Bc7 17. e5 Nfd5 18. Ne4 f6 19. exf6 gxf6 20. Bh6 Rf7 21. Qb3
Qd7 22. Rxf6 Qxg4 23. Rxf7 Kxf7 24. Rf1+ Ke8 25. h3 Qe2 26. Nc3 Qe6 27. Ne4 Nf4
28. Qb4 Nbd5 29. Qf8+ 1-0

[Event "2.BLO 0607 Lok Leipzig Mit - USV TU Dre"]
[Site "?"]
[Date "2006.11.19"]
[Round "3.7"]
[White "Loxine, Jakow"]
[Black "Gempe, Thomas"]
[Result "1/2-1/2"]
[WhiteElo "2301"]
[BlackElo "2272"]
[PlyCount "79"]
[EventDate "2006.??.??"]

1. Nf3 Nf6 2. c4 c6 3. d4 d5 4. Nc3 e6 5. g3 Be7 6. Bg2 O-O 7. O-O Nbd7 8. b3
b6 9. Qc2 Bb7 10. Rd1 Rc8 11. e4 dxe4 12. Nxe4 c5 13. Nfg5 Nxe4 14. Nxe4 Bxe4
15. Bxe4 f5 16. Bb7 Rc7 {(=)} 17. dxc5 Bxc5 18. Bg2 Qe7 19. Qe2 e5 20. Rd5 f4
21. gxf4 Qh4 22. Rxc5 Nxc5 23. b4 Na4 24. Qxe5 Re7 25. Qd5+ Kh8 26. Be3 Qf6 27.
Rc1 Nc3 28. Qd2 Ne4 29. Qd3 Nd6 30. c5 Nf5 31. c6 Nxe3 32. fxe3 Qb2 33. Qc3
Qxa2 34. Bh3 Qe2 35. c7 Rxc7 36. Qxc7 Qxe3+ 37. Kg2 Qe4+ 38. Kg1 Qe3+ 39. Kg2
Qe4+ 40. Kg1 {(=)} 1/2-1/2

[Event "2.BLO 0607 Lok Leipzig Mit - USV TU Dre"]
[Site "?"]
[Date "2006.11.19"]
[Round "3.8"]
[White "Mueller, Frank"]
[Black "Baier, Silvio"]
[Result "1-0"]
[WhiteElo "2242"]
[BlackElo "2252"]
[PlyCount "59"]
[EventDate "2006.??.??"]

1. d4 d5 2. Nf3 Nf6 3. c4 e6 4. g3 Be7 5. Bg2 O-O 6. O-O c6 7. Qc2 b6 8. Rd1
Nbd7 9. b3 Ba6 10. Nbd2 Rc8 11. e4 c5 12. exd5 exd5 13. Qf5 cxd4 14. Nxd4 Bc5
15. Bb2 dxc4 16. Nc6 Qc7 17. Ne4 Qxc6 18. Nxf6+ Qxf6 19. Bxf6 Nxf6 20. g4 h6
21. h4 Rce8 22. Bf3 Bc8 23. Qf4 Bxg4 24. bxc4 Bxf3 25. Qxf3 Ne4 26. Kh2 Nxf2
27. Rg1 Re3 28. Rxg7+ Kh8 29. Qf6 Re6 30. Rg8+ 1-0